<?xml version="1.0" encoding="UTF-8"?>
<marc:record xmlns:marc="http://www.loc.gov/MARC21/slim">
   <marc:leader>00000nam a2200000 a 4500</marc:leader>
   <marc:datafield ind1="1" ind2=" " tag="100">
      <marc:subfield code="a">Stähr, Robert</marc:subfield>
      <marc:subfield code="4">aut</marc:subfield>
      <marc:subfield code="e">Verfasser/-in</marc:subfield>
   </marc:datafield>
   <marc:datafield ind1=" " ind2=" " tag="653">
      <marc:subfield code="a">Gegenwartsliteratur</marc:subfield>
   </marc:datafield>
   <marc:datafield ind1=" " ind2=" " tag="653">
      <marc:subfield code="a">Roman</marc:subfield>
   </marc:datafield>
   <marc:datafield ind1=" " ind2=" " tag="653">
      <marc:subfield code="a">Ich-Erzählung</marc:subfield>
   </marc:datafield>
   <marc:datafield ind1=" " ind2=" " tag="653">
      <marc:subfield code="a">Softcover / Belletristik/Gegenwartsliteratur (ab 1945)</marc:subfield>
   </marc:datafield>
   <marc:datafield ind1=" " ind2=" " tag="653">
      <marc:subfield code="a">Fiktionale Darstellung</marc:subfield>
   </marc:datafield>
   <marc:datafield ind1=" " ind2=" " tag="653">
      <marc:subfield code="a">Erzählende Literatur: Gegenwartsliteratur ab 1945</marc:subfield>
   </marc:datafield>
   <marc:datafield ind1="0" ind2="0" tag="245">
      <marc:subfield code="a">Plan</marc:subfield>
   </marc:datafield>
   <marc:datafield ind1="0" ind2="0" tag="245">
      <marc:subfield code="c">Robert Stähr</marc:subfield>
   </marc:datafield>
   <marc:datafield ind1=" " ind2="1" tag="264">
      <marc:subfield code="a">Wien</marc:subfield>
      <marc:subfield code="b">Passagen Verlag</marc:subfield>
   </marc:datafield>
   <marc:datafield ind1="1" ind2=" " tag="490">
      <marc:subfield code="a">Passagen Literatur</marc:subfield>
   </marc:datafield>
   <marc:datafield ind1=" " ind2=" " tag="250">
      <marc:subfield code="a">Deutsche Erstausgabe</marc:subfield>
   </marc:datafield>
   <marc:datafield ind1="1" ind2=" " tag="520">
      <marc:subfield code="a">Angaben aus der Verlagsmeldung

Plan / von Robert Stähr

Die Geschichte einer Obsession: Ein Mann entwirft Pläne zur Umgestaltung seiner städtischen Umgebung. Aus dem zunächst harmlosen gesellschaftlichen Engagement erwächst die Wunschvorstellung der Übernahme politischer Macht und schließlich der autoritäre Traum von einer nach Plan funktionierenden, konfliktbefreiten Gesellschaft.

Im Takt seiner täglichen Routine, der nur durch die Variationen des immer gleichen Traumes unterbrochen wird, beobachtet, kommentiert und kritisiert der Ich-Erzähler seine Umgebung: Auf Spaziergängen durch den nahe gelegenen Park und die Straßen der Stadt, bei Treffen und Erledigungen wird der Mann mit Unregelmäßigkeiten konfrontiert, die er als Mängel der bestehenden gesellschaftlichen Ordnung erlebt. Nach und nach entwickelt der Erzähler Pläne, um diese Ordnung zu reformieren. Je länger aber seine Bemühungen, Mitstreiter für sein Vorhaben zu finden, erfolglos bleiben, desto mehr wächst sich sein Engagement zur Obsession aus. Der Erzähler träumt von einer konfliktbefreiten Gesellschaft, einem perfekten sozialen Räderwerk, das von ihm und seinen imaginierten Helfern beherrscht wird.
</marc:subfield>
   </marc:datafield>
   <marc:datafield ind1=" " ind2=" " tag="020">
      <marc:subfield code="a">9783709204351</marc:subfield>
      <marc:subfield code="9">9783709204351</marc:subfield>
   </marc:datafield>
   <marc:datafield ind1=" " ind2=" " tag="020">
      <marc:subfield code="a">3709204356</marc:subfield>
      <marc:subfield code="9">3709204356</marc:subfield>
   </marc:datafield>
   <marc:datafield ind1=" " ind2=" " tag="041">
      <marc:subfield code="a">ger</marc:subfield>
   </marc:datafield>
   <marc:datafield ind1=" " ind2=" " tag="300">
      <marc:subfield code="a">138 Seiten</marc:subfield>
   </marc:datafield>
</marc:record>
